[Event "Daqing Boyi Cup-B"]
[Site "Daqing"]
[Date "2024.07.17"]
[Round "9"]
[White "Zolboot, Enkhbaatar"]
[Black "Ma, Yize"]
[Result "1-0"]
[WhiteElo "1726"]
[BlackElo "1466"]
[PlyCount "25"]
[EventDate "2024.07.13"]
[EventType "swiss"]
[EventRounds "9"]
[EventCountry "CHN"]
[SourceTitle "CBM 221 Extra"]
[Source "ChessBase"]
[SourceDate "2024.09.30"]
[SourceVersion "1"]
[SourceVersionDate "2024.09.30"]
[SourceQuality "1"]

1. d4 d5 2. c4 c6 3. Nf3 e6 4. e3 Nf6 5. Nc3 Bd6 6. Bd3 0-0 7. 0-0 Nbd7 8. cxd5 exd5 9. Qc2 Re8 10. Bd2 g6 11. e4 dxe4 12. Nxe4 Qc7 13. Bg5 1-0

[Event "Daqing Boyi Cup-B"]
[Site "Daqing"]
[Date "2024.07.16"]
[Round "7"]
[White "Zolboot, Enkhbaatar"]
[Black "Zhang, Jiakun"]
[Result "0-1"]
[WhiteElo "1726"]
[BlackElo "1611"]
[PlyCount "98"]
[EventDate "2024.07.13"]
[EventType "swiss"]
[EventRounds "9"]
[EventCountry "CHN"]
[SourceTitle "CBM 221 Extra"]
[Source "ChessBase"]
[SourceDate "2024.09.30"]
[SourceVersion "1"]
[SourceVersionDate "2024.09.30"]
[SourceQuality "1"]

1. d4 Nf6 2. Nf3 c5 3. c3 e6 4. Bf4 d5 5. e3 Bd6 6. Bg3 0-0 7. Bd3 Nc6 8. Nbd2 b6 9. 0-0 Bb7 10. Rc1 h6 11. Bb1 Bxg3 12. hxg3 Qd6 13. dxc5 bxc5 14. e4 Ne5 15. Nxe5 Qxe5 16. f4 Qh5 17. Qxh5 Nxh5 18. Kf2 Nf6 19. e5 Ng4+ 20. Kg1 Ba6 21. Rfe1 Rab8 22. b3 Rfc8 23. c4 d4 24. Be4 Bb7 25. Bf3 Ne3 26. Nf1 Nf5 27. Kf2 Ne7 28. Rc2 Nc6 29. Bxc6 Bxc6 30. Rb2 a5 31. Nd2 Rb6 32. Reb1 Rcb8 33. g4 f6 34. Re1 Kf7 35. f5 Re8 36. exf6 gxf6 37. fxe6+ Rxe6 38. Rxe6 Kxe6 39. Rb1 Rb8 40. Rh1 Rg8 41. Rxh6 Rxg4 42. g3 Rg5 43. Rh7 a4 44. bxa4 Bxa4 45. Ra7 Bc6 46. a4 Re5 47. Nb3 d3 48. Nxc5+ Rxc5 49. Ke3 Be4 0-1

[Event "Daqing Boyi Cup-B"]
[Site "Daqing"]
[Date "2024.07.15"]
[Round "6"]
[White "Yu, Zhenghuan"]
[Black "Zolboot, Enkhbaatar"]
[Result "1/2-1/2"]
[WhiteElo "1626"]
[BlackElo "1726"]
[PlyCount "53"]
[EventDate "2024.07.13"]
[EventType "swiss"]
[EventRounds "9"]
[EventCountry "CHN"]
[SourceTitle "CBM 221 Extra"]
[Source "ChessBase"]
[SourceDate "2024.09.30"]
[SourceVersion "1"]
[SourceVersionDate "2024.09.30"]
[SourceQuality "1"]

1. d4 Nf6 2. c4 e6 3. Nf3 d5 4. Nc3 Be7 5. Bf4 0-0 6. e3 a6 7. cxd5 exd5 8. Bd3 Bg4 9. 0-0 c6 10. Qb3 Bc8 11. h3 Bd6 12. Ne5 Bxe5 13. dxe5 Nfd7 14. Qc2 h6 15. Qe2 Re8 16. Qh5 Qe7 17. Bf5 Nf8 18. Bxc8 Rxc8 19. Bg3 Nbd7 20. f4 Re8 21. Rae1 Ng6 22. Ne2 Nc5 23. Nd4 Ne4 24. Rf3 Nd2 25. Rf2 Ne4 26. Rf3 Nd2 27. Rf2 1/2-1/2